Resident evil multiple choice - Statistics

General Stats
  • This quiz has been taken 51 times
  • The average score is 11 of 15
Answer Stats
Question Answer % Correct
What does a green herb do? Heal
100%
The famous stalker enemy from RE2 Mr. X
98%
Why did Claire come to Raccoon City? To find her brother
93%
"Welcome to the family, son" -______ Jack Baker
88%
Who will never forget September 30th, 1998 Leon S. Kennedy
88%
The first 3 RE games were in Fixed camera
86%
The first mainline (0-8) RE game to go first person is... Resident evil VII: Biohazard
86%
Where is everyone going? Bingo
83%
Which one of these protagonists is (most likely) dead? Ethan Winters
81%
What does a red herb do? Enhance effects of other herbs
76%
Which of these is NOT a line Jill says in RE3 Remake? "Where's everyone going? Bingo?"
74%
What year does RE1 take place in? 1998
60%
Why was Leon S. Kennedy late on his first day? He was drunk the day before
52%
Who was the only surviving member of S.T.A.R.S. Bravo team in 1998? Rebecca Chambers
48%
"You are all going to die down here." -______ Red Queen
29%
No matching quizzes found
Score Distribution
Percent of People with Each Score
Percentile by Number Answered
Your Score History
You have not taken this quiz